<The> comparative civil (private) law law types, law groups, the roads of legal development

Enregistré dans:
Détails bibliographiques
Auteur principal: Eörsi, Gyula
Format: Livre
Langue:anglais
Publié: Budapest Akadémia Kiadó 1979
Tags: Ajouter un tag
Pas de tags, Soyez le premier à ajouter un tag!

MARC

LEADER 00000nam a2200000 4500
001 c126395
005 20231103122136.9
041 0 |a eng 
044 |a HU 
245 1 0 |a <The> comparative civil (private) law  |b law types, law groups, the roads of legal development  |c Gyula Eörsi 
264 1 |a Budapest  |b Akadémia Kiadó  |c 1979 
300 |a 631 s. 
100 1 |a Eörsi, Gyula